000 00512nam a22001697a 4500
003 OSt
005 20260311151044.0
008 260311b |||||||| |||| 00| 0 eng d
040 _cMRSPTU
041 _aEnglish
100 _aDeepak Kumar, Supervisor: Dr. Amit Kumar Manocha
245 _aGrid Monitoring Using Cloud Computing
260 _bDepartment of EE, MRSPTU, Bathinda
_c2018
650 _aElectrical Engineering
856 _uhttp://163.47.215.52:8080/jspui/handle/123456789/1180
942 _2ddc
_cTH
_n0
999 _c11118
_d11118